[Event "25th 4NCL Congress"]
[Site "Leamington Spa, United Kingdom"]
[Date "2021.07.09"]
[Round "1.17"]
[White "Menzies, Colin W"]
[Black "Gibbs, Dominic V"]
[Result "1-0"]
[TimeControl "All moves in 90 minutes + 30 seconds per move"]
[WhiteElo "2185"]
[BlackElo "1909"]

1. d4 {[%clk 01:30:57]} {[%emt 00:02:52]} d6 {[%clk 01:30:51]} 2. e4 {[%clk
01:31:16]} Nf6 {[%clk 01:30:18]} 3. Nc3 {[%clk 01:30:13]} g6 {[%clk 01:30:18]}
4. Bc4 {[%clk 01:29:22]} Nc6 {[%clk 01:23:31]} 5. Bf4 {[%clk 01:22:04]} Bg7
{[%clk 01:17:11]} 6. Nge2 {[%clk 01:15:32]} O-O {[%clk 01:14:38]} 7. f3 {[%clk
01:14:00]} e5 {[%clk 01:12:21]} 8. Be3 exd4 {[%clk 01:04:43]} 9. Nxd4 {[%clk
01:13:20]} Ne5 {[%clk 01:05:01]} 10. Be2 {[%clk 01:03:51]} d5 {[%clk 00:56:22]}
11. Bg5 {[%clk 00:52:48]} c5 {[%clk 00:53:39]} 12. Nb3 {[%clk 00:52:12]} c4
{[%clk 00:46:21]} 13. Nd2 {[%clk 00:40:26]} dxe4 {[%clk 00:33:18]} 14. Ndxe4
{[%clk 00:40:44]} Qxd1+ {[%clk 00:32:57]} 15. Rxd1 {[%clk 00:41:12]} Nxe4
{[%clk 00:33:02]} 16. Nxe4 {[%clk 00:41:31]} f6 {[%clk 00:32:22]} 17. Bf4
{[%clk 00:40:35]} b5 {[%clk 00:29:31]} 18. Nd6 {[%clk 00:30:35]} Bd7 19. Nxc4
{[%clk 00:25:25]} {[%emt 00:02:46]} bxc4 {[%clk 00:19:33]} {[%emt 00:05:35]} 20.
Bxe5 {[%clk 00:25:38]} {[%emt 00:00:17]} Bb5 {[%clk 00:19:06]} {[%emt
00:00:57]} 21. Bc3 {[%clk 00:24:18]} {[%emt 00:01:49]} Rae8 {[%clk 00:16:29]}
{[%emt 00:03:07]} 22. Kf2 {[%clk 00:19:34]} {[%emt 00:05:13]} Bh6 {[%clk
00:15:37]} {[%emt 00:01:24]} 23. Rhe1 {[%clk 00:19:51]} {[%emt 00:00:13]} Be3+
{[%clk 00:15:15]} {[%emt 00:00:52]} 24. Kf1 {[%clk 00:19:13]} {[%emt 00:01:08]}
Kg7 {[%clk 00:13:02]} {[%emt 00:02:43]} 25. Bd4 {[%clk 00:15:11]} {[%emt
00:04:32]} Bf4 {[%clk 00:09:37]} {[%emt 00:03:55]} 26. g3 {[%clk 00:15:00]}
{[%emt 00:00:41]} Bb8 {[%clk 00:08:53]} {[%emt 00:01:15]} 27. Kf2 {[%clk
00:13:40]} {[%emt 00:01:49]} h5 {[%clk 00:08:39]} {[%emt 00:00:44]} 28. b3
{[%clk 00:11:13]} {[%emt 00:02:57]} h4 {[%clk 00:08:03]} {[%emt 00:01:06]} 29.
a4 {[%clk 00:10:50]} {[%emt 00:00:53]} hxg3+ {[%clk 00:07:55]} {[%emt
00:00:38]} 30. hxg3 {[%clk 00:11:14]} {[%emt 00:00:06]} Ba6 {[%clk 00:07:52]}
{[%emt 00:00:33]} 31. Bf1 {[%clk 00:09:53]} {[%emt 00:01:50]} Rh8 {[%clk
00:07:15]} {[%emt 00:01:08]} 32. Rxe8 {[%clk 00:09:06]} {[%emt 00:01:17]} Rxe8
{[%clk 00:07:43]} {[%emt 00:00:01]} 33. Bc5 {[%clk 00:06:55]} {[%emt 00:02:42]}
g5 {[%clk 00:05:28]} {[%emt 00:02:45]} 34. b4 {[%clk 00:06:41]} {[%emt
00:00:45]} Rh8 {[%clk 00:04:01]} {[%emt 00:01:57]} 35. Kg2 {[%clk 00:03:10]}
{[%emt 00:04:01]} g4 {[%clk 00:03:41]} {[%emt 00:00:51]} 36. Rd7+ {[%clk
00:03:20]} {[%emt 00:00:20]} Kg6 {[%clk 00:03:21]} {[%emt 00:00:51]} 37. b5
{[%clk 00:02:39]} {[%emt 00:01:11]} Bc8 {[%clk 00:03:49]} {[%emt 00:00:02]} 38.
Re7 {[%clk 00:02:41]} {[%emt 00:00:28]} gxf3+ {[%clk 00:02:51]} {[%emt
00:01:29]} 39. Kxf3 {[%clk 00:02:54]} {[%emt 00:00:16]} Bf5 {[%clk 00:03:04]}
{[%emt 00:00:17]} 40. Bxc4 {[%clk 00:02:54]} {[%emt 00:00:30]} Bxc2 {[%clk
00:02:22]} {[%emt 00:01:12]} 41. Bf7+ {[%clk 00:03:07]} {[%emt 00:00:17]} Kf5
{[%clk 00:02:48]} {[%emt 00:00:04]} 42. g4+ {[%clk 00:02:17]} {[%emt 00:01:20]}
Kg5 {[%clk 00:03:17]} {[%emt 00:00:02]} 43. Be3+ {[%clk 00:02:25]} {[%emt
00:00:21]} Kh4 {[%clk 00:03:45]} {[%emt 00:00:02]} 44. Bf2+ {[%clk 00:02:11]}
{[%emt 00:00:45]} Kg5 {[%clk 00:03:09]} {[%emt 00:01:05]} 45. Be3+ {[%clk
00:02:40]} {[%emt 00:00:01]} Kh4 {[%clk 00:03:28]} {[%emt 00:00:11]} 46. Bf4
{[%clk 00:03:09]} {[%emt 00:00:02]} Bd1+ {[%clk 00:02:57]} {[%emt 00:01:00]} 47.
Ke3 {[%clk 00:03:38]} {[%emt 00:00:01]} Bxa4 {[%clk 00:02:38]} {[%emt
00:00:50]} 48. Bxb8 {[%clk 00:03:05]} {[%emt 00:01:03]} Rxb8 {[%clk 00:03:06]}
{[%emt 00:00:02]} 49. Kf4 {[%clk 00:03:26]} {[%emt 00:00:08]} Rxb5 {[%clk
00:03:01]} {[%emt 00:00:36]} 50. Bc4 {[%clk 00:03:42]} {[%emt 00:00:14]} Kh3
{[%clk 00:01:43]} {[%emt 00:01:48]} 51. Bxb5 {[%clk 00:04:00]} {[%emt
00:00:12]} Bxb5 {[%clk 00:02:12]} {[%emt 00:00:02]} 52. Rxa7 {[%clk 00:04:05]}
{[%emt 00:00:24]} Be2 {[%clk 00:02:25]} {[%emt 00:00:17]} 53. Rh7+ {[%clk
00:04:30]} {[%emt 00:00:05]} Kg2 {[%clk 00:02:39]} {[%emt 00:00:15]} 54. Rh6
{[%clk 00:04:56]} {[%emt 00:00:04]} 1-0

[Event "25th 4NCL Congress"]
[Site "Leamington Spa, United Kingdom"]
[Date "2021.07.09"]
[Round "1.18"]
[White "Merriman, James"]
[Black "Seymour, Timothy P"]
[Result "1/2-1/2"]
[TimeControl "All moves in 90 minutes + 30 seconds per move"]
[WhiteElo "1828"]
[BlackElo "2119"]

1. d4 {[%clk 01:29:39]} Nf6 {[%clk 01:30:55]} 2. c4 {[%clk 01:30:02]} e6 {[%clk
01:31:22]} 3. Nc3 {[%clk 01:30:25]} Bb4 {[%clk 01:31:48]} 4. e3 {[%clk
01:30:46]} O-O {[%clk 01:32:13]} 5. Bd3 {[%clk 01:31:11]} d5 {[%clk 01:32:27]}
6. Nf3 {[%clk 01:31:28]} dxc4 {[%clk 01:32:04]} 7. Bxc4 {[%clk 01:31:50]} c5
{[%clk 01:32:31]} 8. O-O {[%clk 01:32:12]} cxd4 {[%clk 01:32:56]} 9. exd4
{[%clk 01:32:14]} b6 {[%clk 01:33:21]} 10. Bg5 {[%clk 01:32:39]} Bb7 {[%clk
01:33:47]} 11. Ne5 {[%clk 01:30:52]} Nbd7 {[%clk 01:25:23]} 12. Nxd7 {[%clk
01:26:49]} Qxd7 {[%clk 01:25:47]} 13. Bxf6 {[%clk 01:26:13]} gxf6 {[%clk
01:24:43]} 14. d5 {[%clk 01:16:38]} Bxc3 {[%clk 01:23:20]} 15. bxc3 {[%clk
01:16:56]} Bxd5 {[%clk 01:22:42]} 16. Qg4+ {[%clk 01:06:43]} Kh8 {[%clk
01:23:08]} 17. Qd4 {[%clk 01:05:16]} Kg7 {[%clk 01:07:08]} {[%emt 00:01:22]} 18.
Qg4+ {[%clk 01:05:33]} {[%emt 00:00:12]} Kh8 {[%clk 01:07:27]} {[%emt
00:00:13]} 19. Qd4 {[%clk 01:05:55]} {[%emt 00:00:10]} 1/2-1/2

[Event "25th 4NCL Congress"]
[Site "Leamington Spa, United Kingdom"]
[Date "2021.07.09"]
[Round "1.19"]
[White "Nettleton, Charlie B"]
[Black "Jukes, Sam"]
[Result "1-0"]
[TimeControl "All moves in 90 minutes + 30 seconds per move"]
[WhiteElo "2008"]
[BlackElo "1871"]

1. d4 {[%clk 01:30:56]} {[%emt 00:00:03]} Nf6 {[%clk 01:30:47]} {[%emt
00:00:13]} 2. c4 {[%clk 01:31:09]} {[%emt 00:00:17]} e6 {[%clk 01:30:48]}
{[%emt 00:00:29]} 3. Nc3 {[%clk 01:31:31]} {[%emt 00:00:07]} d5 {[%clk
01:30:56]} {[%emt 00:00:22]} 4. Bg5 {[%clk 01:29:01]} {[%emt 00:03:01]} Be7
{[%clk 01:30:49]} {[%emt 00:00:37]} 5. Nf3 {[%clk 01:26:45]} {[%emt 00:02:46]}
O-O {[%clk 01:29:50]} {[%emt 00:01:30]} 6. e3 {[%clk 01:26:20]} {[%emt
00:00:55]} b6 {[%clk 01:28:31]} {[%emt 00:01:49]} 7. Bd3 {[%clk 01:16:36]}
{[%emt 00:10:13]} Bb7 {[%clk 01:27:30]} {[%emt 00:01:32]} 8. Qc2 {[%clk
01:08:09]} {[%emt 00:08:56]} h6 {[%clk 01:25:10]} {[%emt 00:02:51]} 9. h4
{[%clk 01:04:56]} {[%emt 00:03:43]} Na6 {[%clk 01:17:06]} {[%emt 00:08:34]} 10.
a3 {[%clk 01:04:35]} {[%emt 00:00:50]} c5 {[%clk 01:11:12]} {[%emt 00:06:25]}
11. cxd5 {[%clk 01:00:54]} {[%emt 00:04:11]} cxd4 {[%clk 01:08:13]} {[%emt
00:03:29]} 12. exd4 {[%clk 00:49:12]} {[%emt 00:12:11]} Nc7 {[%clk 00:59:05]}
{[%emt 00:09:39]} 13. Qd2 {[%clk 00:41:39]} {[%emt 00:08:02]} Re8 {[%clk
00:50:36]} {[%emt 00:09:00]} 14. Bxh6 {[%clk 00:34:53]} {[%emt 00:07:16]} gxh6
{[%clk 00:50:10]} {[%emt 00:00:55]} 15. Qxh6 {[%clk 00:31:28]} {[%emt
00:03:56]} Bf8 {[%clk 00:49:25]} {[%emt 00:01:15]} 16. Qg5+ {[%clk 00:30:23]}
{[%emt 00:01:34]} Bg7 {[%clk 00:47:45]} {[%emt 00:02:10]} 17. d6 {[%clk
00:27:40]} {[%emt 00:03:14]} Qxd6 {[%clk 00:42:39]} {[%emt 00:05:36]} 18. h5
{[%clk 00:20:40]} {[%emt 00:07:30]} e5 {[%clk 00:40:18]} {[%emt 00:02:51]} 19.
O-O-O {[%clk 00:07:02]} {[%emt 00:14:07]} Ne6 {[%clk 00:32:45]} {[%emt
00:08:03]} 20. Qg3 {[%clk 00:06:16]} {[%emt 00:01:16]} Rac8 {[%clk 00:30:23]}
{[%emt 00:02:52]} 21. h6 {[%clk 00:04:49]} {[%emt 00:01:57]} Rxc3+ {[%clk
00:27:39]} {[%emt 00:03:16]} 22. bxc3 {[%clk 00:05:10]} {[%emt 00:00:07]} Qxa3+
{[%clk 00:27:56]} {[%emt 00:00:13]} 23. Kd2 {[%clk 00:05:11]} {[%emt 00:00:29]}
exd4 {[%clk 00:21:37]} {[%emt 00:06:50]} 24. Ne5 {[%clk 00:04:52]} {[%emt
00:00:49]} dxc3+ {[%clk 00:09:53]} {[%emt 00:12:14]} 25. Ke1 {[%clk 00:04:28]}
{[%emt 00:00:54]} Qa5 {[%clk 00:01:48]} {[%emt 00:08:36]} 26. Kf1 {[%clk
00:03:12]} {[%emt 00:01:45]} Qa4 {[%clk 00:01:23]} {[%emt 00:00:54]} 27. Re1
{[%clk 00:02:48]} {[%emt 00:00:55]} Rd8 {[%clk 00:01:19]} {[%emt 00:00:34]} 28.
hxg7 {[%clk 00:02:09]} {[%emt 00:01:09]} Nxg7 {[%clk 00:01:33]} {[%emt
00:00:16]} 29. Rh8+ {[%clk 00:01:54]} {[%emt 00:00:45]} Kxh8 {[%clk 00:01:50]}
{[%emt 00:00:14]} 30. Nxf7+ {[%clk 00:02:19]} {[%emt 00:00:05]} Kg8 {[%clk
00:02:10]} {[%emt 00:00:09]} 31. Nxd8 {[%clk 00:02:24]} {[%emt 00:00:25]} Ba6
{[%clk 00:01:21]} {[%emt 00:01:18]} 32. Kg1 {[%clk 00:01:49]} {[%emt 00:01:06]}
Qd7 {[%clk 00:00:59]} {[%emt 00:00:52]} 33. Bxa6 {[%clk 00:02:01]} {[%emt
00:00:18]} Qd2 {[%clk 00:00:32]} {[%emt 00:00:58]} 34. Bc4+ {[%clk 00:01:44]}
{[%emt 00:00:47]} Kf8 {[%clk 00:00:38]} {[%emt 00:00:23]} 35. Ne6+ {[%clk
00:01:39]} {[%emt 00:00:35]} Nxe6 {[%clk 00:00:48]} {[%emt 00:00:20]} 36. Rxe6
{[%clk 00:00:56]} {[%emt 00:01:13]} 1-0